[Event "Deutsche Ländermeisterschaft 2019"]
[Site "Würzburg GER"]
[Date "2019.10.02"]
[Round "2"]
[White "Danninger, Jannik"]
[Black "Müller, Maximilian"]
[Result "1/2-1/2"]
[Termination "normal"]
[Board "8.4"]
[WhiteElo "1990"]
[BlackElo "1682"]
[WhiteClock "00:46:40"]
[BlackClock "00:38:47"]
[WhiteTeam "Bayern 2"]
[BlackTeam "Saarland"]
[PlyCount "66"]
[WhiteFideId "16226402"]
[BlackFideId "16243552"]
[EventCountry "GER"]
[EventRounds "7"]
[EventType "team-swiss"]
[EventDate "2019.10.01"]

1. e4 {[%clk 1:30:58]} e6 {[%clk 1:30:54]} 2. d4 {[%clk 1:31:21]} d5 {[%clk
1:31:20]} 3. Nd2 {[%clk 1:31:39]} Nf6 {[%clk 1:31:44]} 4. e5 {[%clk 1:31:56]}
Nfd7 {[%clk 1:32:05]} 5. Bd3 {[%clk 1:31:47]} c5 {[%clk 1:32:23]} 6. c3 {[%clk
1:32:06]} Nc6 {[%clk 1:32:49]} 7. Ne2 {[%clk 1:32:20]} cxd4 {[%clk 1:32:47]} 8.
cxd4 {[%clk 1:32:29]} f6 {[%clk 1:33:06]} 9. Nf4 {[%clk 1:26:57]} Nxd4 {[%clk
1:25:41]} 10. Qh5+ {[%clk 1:25:42]} Ke7 {[%clk 1:26:02]} 11. exf6+ {[%clk
1:24:46]} Nxf6 {[%clk 1:26:00]} 12. Qh4 {[%clk 1:23:48]} Kf7 {[%clk 1:23:06]}
13. Ng6 {[%clk 1:22:25]} hxg6 {[%clk 1:22:58]} 14. Qxh8 {[%clk 1:22:25]} Nh5
{[%clk 1:21:58]} 15. O-O {[%clk 1:20:13]} e5 {[%clk 1:17:35]} 16. Nb3 {[%clk
1:16:52]} Nxb3 {[%clk 1:11:25]} 17. axb3 {[%clk 1:17:10]} Be6 {[%clk 1:09:25]}
18. Qh7 {[%clk 1:13:43]} Qf6 {[%clk 1:07:55]} 19. f4 {[%clk 1:10:08]} exf4
{[%clk 1:06:25]} 20. Bxf4 {[%clk 1:10:01]} Nxf4 {[%clk 1:02:44]} 21. Rxf4
{[%clk 1:09:56]} Bc5+ {[%clk 1:01:04]} 22. Kh1 {[%clk 1:09:58]} Qxf4 {[%clk
1:01:29]} 23. Qxg6+ {[%clk 0:59:09]} Ke7 {[%clk 0:52:12]} 24. Qxg7+ {[%clk
0:58:20]} Kd6 {[%clk 0:46:57]} 25. Qxb7 {[%clk 0:57:33]} Rh8 {[%clk 0:45:36]}
26. Bh7 {[%clk 0:51:37]} Qh6 {[%clk 0:44:48]} 27. b4 {[%clk 0:48:48]} Bb6
{[%clk 0:44:25]} 28. b5 {[%clk 0:48:25]} Rxh7 {[%clk 0:42:03]} 29. Qc6+ {[%clk
0:48:40]} Ke7 {[%clk 0:41:42]} 30. Qb7+ {[%clk 0:48:31]} Kd8 {[%clk 0:41:08]}
31. Qa8+ {[%clk 0:48:16]} Ke7 {[%clk 0:40:01]} 32. Qb7+ {[%clk 0:48:08]} Ke8
33. Qc6+ {[%clk 0:46:40]} Ke7 {[%clk 0:38:47]} 1/2-1/2

[Event "Deutsche Ländermeisterschaft 2019"]
[Site "Würzburg GER"]
[Date "2019.10.02"]
[Round "2"]
[White "Reich, Elisabeth"]
[Black "Alhassan, Jodi"]
[Result "0-1"]
[Termination "normal"]
[Board "8.8"]
[WhiteElo "1199"]
[BlackElo "1147"]
[WhiteTeam "Bayern 2"]
[BlackTeam "Saarland"]
[PlyCount "126"]
[WhiteFideId "16239776"]
[BlackFideId "16250460"]
[EventCountry "GER"]
[EventRounds "7"]
[EventType "team-swiss"]
[EventDate "2019.10.01"]

1. e4 c5 2. Nf3 d6 3. d4 cxd4 4. Nxd4 Nf6 5. Nc3 a6 6. Bd3 Nc6 7. Be3 e6 8. Qd2
Be7 9. O-O O-O 10. Nf3 b5 11. a3 Bb7 12. Rfe1 Qc7 13. Bf4 Rad8 14. e5 dxe5 15.
Nxe5 Nxe5 16. Rxe5 Bd6 17. Qe2 Bxe5 18. Bxe5 Qc6 19. f3 Qc5+ 20. Kh1 Nd5 21.
Ne4 Qe3 22. Qxe3 Nxe3 23. Bf4 Bxe4 24. Bxe4 Nd5 25. Be5 Rc8 26. c3 Ne3 27. Bd4
Nf5 28. Bxf5 exf5 29. h3 h6 30. Rf1 Rfe8 31. Rf2 Re1+ 32. Kh2 Rce8 33. Rd2 R1e2
34. Rxe2 Rxe2 35. b4 Ra2 36. Kg3 Rxa3 37. Kh2 f6 38. Kg3 Kf7 39. Kh2 Ke6 40.
Kg3 g5 41. h4 Rb3 42. hxg5 fxg5 43. f4 Kd5 44. fxg5 hxg5 45. Kh3 Kc4 46. g4
fxg4+ 47. Kxg4 Rxc3 48. Bxc3 Kxc3 49. Kxg5 Kxb4 50. Kf4 Kc3 51. Ke5 b4 52. Ke6
b3 53. Kd5 b2 54. Kc6 b1=Q 55. Kd6 Qb5 56. Kc7 Kc4 57. Kd6 Qd5+ 58. Ke7 Qc6 59.
Kd8 Qb7 60. Ke8 Kd5 61. Kf8 Ke6 62. Kg8 Kf6 63. Kh8 Qg7# 0-1

[Event "Deutsche Ländermeisterschaft 2019"]
[Site "Würzburg GER"]
[Date "2019.10.02"]
[Round "2"]
[White "Degenhard, Simon"]
[Black "Weihrauch, Jakob"]
[Result "1/2-1/2"]
[Termination "normal"]
[Board "9.1"]
[WhiteTitle "FM"]
[WhiteElo "2201"]
[BlackElo "2167"]
[WhiteTeam "Württemberg"]
[BlackTeam "SG Hamburg/Schleswig-Holstein"]
[PlyCount "96"]
[WhiteFideId "12944017"]
[BlackFideId "16210115"]
[EventCountry "GER"]
[EventRounds "7"]
[EventType "team-swiss"]
[EventDate "2019.10.01"]

1. e4 e5 2. Nf3 Nc6 3. Bb5 a6 4. Ba4 Nf6 5. O-O b5 6. Bb3 Bc5 7. a4 Rb8 8. d3
O-O 9. Be3 Bb6 10. Nc3 d6 11. axb5 axb5 12. Bg5 Be6 13. Nd5 Bxd5 14. Bxd5 Nb4
15. Bb3 h6 16. Bh4 c5 17. c3 Nc6 18. Bd5 Rc8 19. Qb3 Na7 20. Ra6 Rb8 21. Rd1 g5
22. Bg3 Nxd5 23. Qxd5 Nc8 24. d4 Ne7 25. Qb3 cxd4 26. cxd4 g4 27. dxe5 gxf3 28.
exd6 Nc6 29. Qxf3 Nd4 30. Qd3 Ne6 31. Qe2 Nc5 32. Ra3 f5 33. exf5 Rxf5 34. h4
Qf6 35. Re3 Rf8 36. Qxb5 Nd7 37. Qxd7 Rxf2 38. Qg4+ Kh8 39. Rde1 Qxb2 40. Kh1
Bxe3 41. Bxf2 Qxf2 42. Rd1 Rg8 43. Qh3 Qe2 44. Qf3 Qxf3 45. gxf3 Kg7 46. d7 Rd8
47. Kg2 Bf4 48. Kh3 Kf7 1/2-1/2

[Event "Deutsche Ländermeisterschaft 2019"]
[Site "Würzburg GER"]
[Date "2019.10.02"]
[Round "2"]
[White "Holinka, Henning"]
[Black "Kölle, Tobias"]
[Result "1/2-1/2"]
[Termination "normal"]
[Board "9.2"]
[WhiteElo "2101"]
[BlackElo "2275"]
[WhiteTeam "SG Hamburg/Schleswig-Holstein"]
[BlackTeam "Württemberg"]
[PlyCount "88"]
[WhiteFideId "12967084"]
[BlackFideId "16207378"]
[EventCountry "GER"]
[EventRounds "7"]
[EventType "team-swiss"]
[EventDate "2019.10.01"]

1. e4 e5 2. Nf3 Nc6 3. Bc4 Bc5 4. c3 Nf6 5. d3 O-O 6. O-O d6 7. Nbd2 a6 8. a4
Ba7 9. h3 h6 10. Re1 Ne7 11. Nf1 Ng6 12. Ng3 c6 13. Bb3 Re8 14. d4 Qc7 15. Be3
Be6 16. Bc2 Rad8 17. Qe2 Bb8 18. a5 Qc8 19. Rad1 Bc7 20. b4 Nh7 21. c4 f6 22.
d5 Bf7 23. Ba4 Ne7 24. c5 Rf8 25. Rc1 Qb8 26. dxc6 Nxc6 27. Bxc6 bxc6 28. cxd6
Bxd6 29. Bb6 Bxb4 30. Bxd8 Bxe1 31. Be7 Re8 32. Nf5 Bxa5 33. Qxa6 Bb6 34. Rxc6
Bd4 35. N3xd4 exd4 36. Rb6 Qe5 37. Qd3 Ng5 38. Nxh6+ gxh6 39. Bxf6 Qc7 40. Bxd4
Qc1+ 41. Kh2 Qf4+ 42. Kg1 Qc1+ 43. Kh2 Qf4+ 44. Kg1 Qc1+ 1/2-1/2

[Event "Deutsche Ländermeisterschaft 2019"]
[Site "Würzburg GER"]
[Date "2019.10.02"]
[Round "2"]
[White "Richter, Nils"]
[Black "Popist, Florian"]
[Result "1-0"]
[Termination "normal"]
[Board "9.3"]
[WhiteElo "2238"]
[BlackElo "2019"]
[WhiteTeam "Württemberg"]
[BlackTeam "SG Hamburg/Schleswig-Holstein"]
[PlyCount "61"]
[WhiteFideId "12990809"]
[BlackFideId "16203518"]
[EventCountry "GER"]
[EventRounds "7"]
[EventType "team-swiss"]
[EventDate "2019.10.01"]

1. e4 c5 2. Nf3 e6 3. d4 cxd4 4. Nxd4 Nc6 5. Nc3 Qc7 6. Be3 a6 7. Qd2 Nf6 8.
O-O-O Bb4 9. f3 Ne5 10. Nb3 b5 11. Kb1 Nc4 12. Bxc4 bxc4 13. a3 Be7 14. Nd4 Rb8
15. Ka1 Qa5 16. Rb1 Bb4 17. Nde2 d5 18. Bd4 dxe4 19. Qf4 Rb7 20. Bxf6 gxf6 21.
Qxe4 O-O 22. Qxc4 Bd7 23. Ne4 Be7 24. Qc3 Qa4 25. Nxf6+ Bxf6 26. Qxf6 Qxc2 27.
Ng3 Rc8 28. Ne4 Qb3 29. Qg5+ Kf8 30. Nc5 Qb5 31. Qh6+ 1-0

[Event "Deutsche Ländermeisterschaft 2019"]
[Site "Würzburg GER"]
[Date "2019.10.02"]
[Round "2"]
[White "Ravina, David"]
[Black "Deuer, Marius"]
[Result "1-0"]
[Termination "normal"]
[Board "9.4"]
[WhiteElo "2087"]
[BlackElo "2024"]
[WhiteTeam "SG Hamburg/Schleswig-Holstein"]
[BlackTeam "Württemberg"]
[PlyCount "99"]
[WhiteFideId "12921858"]
[BlackFideId "16236432"]
[EventCountry "GER"]
[EventRounds "7"]
[EventType "team-swiss"]
[EventDate "2019.10.01"]

1. e4 e5 2. Nf3 Nc6 3. d4 exd4 4. Nxd4 Nf6 5. Nxc6 bxc6 6. e5 Qe7 7. Qe2 Nd5 8.
c4 Nb6 9. Nd2 Qe6 10. b3 Bb4 11. Bb2 a5 12. g3 O-O 13. Bg2 Ba6 14. O-O d5 15.
Rfc1 Rfd8 16. Nf3 dxc4 17. Qe4 Qg6 18. Qh4 cxb3 19. Nd4 Rxd4 20. Bxd4 Bb5 21.
Be4 Qe6 22. Qxh7+ Kf8 23. Qh8+ Ke7 24. Qxg7 Nc4 25. axb3 Nd2 26. Bc5+ Bxc5 27.
Qg5+ Kf8 28. Qxd2 Qxe5 29. Qh6+ Ke7 30. Re1 Rh8 31. Bh7 Be2 32. Qd2 Kf8 33.
Qxe2 Qxe2 34. Rxe2 Rxh7 35. Rxa5 Bb6 36. Rf5 Rh6 37. Kg2 Rd6 38. h4 Rd4 39. Re3
Rd7 40. Ref3 Kg7 41. Rg5+ Kh7 42. Kh3 Bd4 43. Rd3 Rd6 44. Rf5 Kg6 45. g4 c5 46.
h5+ Kg7 47. g5 Rb6 48. Rdf3 f6 49. gxf6+ Bxf6 50. Rxf6 1-0

[Event "Deutsche Ländermeisterschaft 2019"]
[Site "Würzburg GER"]
[Date "2019.10.02"]
[Round "2"]
[White "Kobald, Jacqueline"]
[Black "Fuhrmann, Bahne"]
[Result "0-1"]
[Termination "normal"]
[Board "9.5"]
[WhiteElo "1885"]
[BlackElo "1623"]
[WhiteTeam "Württemberg"]
[BlackTeam "SG Hamburg/Schleswig-Holstein"]
[PlyCount "60"]
[WhiteFideId "12988162"]
[BlackFideId "16244842"]
[EventCountry "GER"]
[EventRounds "7"]
[EventType "team-swiss"]
[EventDate "2019.10.01"]

1. e4 e5 2. Nf3 Nc6 3. Bb5 a6 4. Ba4 Nf6 5. Qe2 b5 6. Bb3 Bc5 7. a4 Rb8 8. axb5
axb5 9. O-O O-O 10. d3 d6 11. c3 b4 12. Nbd2 bxc3 13. bxc3 Nh5 14. Rd1 Nf4 15.
Qf1 Qf6 16. Bd5 Ne7 17. Bc4 c6 18. Nb3 Bb6 19. d4 Bg4 20. Bxf4 Qxf4 21. Qe2 d5
22. Bd3 Bc7 23. Nbd2 Rb2 24. Rab1 Bxf3 25. Qxf3 Qxd2 26. exd5 Rxb1 27. Rxb1
cxd5 28. Rb7 e4 29. Qe2 Qc1+ 30. Qf1 Qxc3 0-1

[Event "Deutsche Ländermeisterschaft 2019"]
[Site "Würzburg GER"]
[Date "2019.10.02"]
[Round "2"]
[White "Hubert, Charlotte"]
[Black "Schwartz, Oliver"]
[Result "1/2-1/2"]
[Termination "normal"]
[Board "9.6"]
[WhiteElo "1341"]
[BlackElo "1650"]
[WhiteTeam "SG Hamburg/Schleswig-Holstein"]
[BlackTeam "Württemberg"]
[PlyCount "86"]
[WhiteFideId "16265920"]
[BlackFideId "16207459"]
[EventCountry "GER"]
[EventRounds "7"]
[EventType "team-swiss"]
[EventDate "2019.10.01"]

1. e4 c5 2. Nf3 Nc6 3. c3 d5 4. exd5 Qxd5 5. d4 e5 6. Nxe5 Nxe5 7. dxe5 Qxe5+
8. Be2 Nf6 9. O-O Qc7 10. Re1 Be7 11. Be3 O-O 12. Qc2 Be6 13. Nd2 Rad8 14. Nf3
Nd5 15. Bd2 Bd6 16. h3 h6 17. Rad1 Nf4 18. Bf1 Bd5 19. Bxf4 Bxf4 20. Be2 Qc6
21. a3 Rd6 22. Qf5 Bxf3 23. Bxf3 Rxd1 24. Rxd1 Qa4 25. b3 g6 26. bxa4 gxf5 27.
Bxb7 Be5 28. Rd5 Bxc3 29. Rxc5 Rb8 30. Rxc3 Rxb7 31. Rc5 f4 32. Rf5 Kg7 33.
Rxf4 Kg6 34. Rf3 Rb1+ 35. Kh2 Rb7 36. Kg3 Rc7 37. Kh2 Rc4 38. Rg3+ Kf6 39. Rg4
Rc3 40. Rf4+ Kg6 41. Rf3 Rc4 42. Kg1 Rc1+ 43. Kh2 Rc4 1/2-1/2

[Event "Deutsche Ländermeisterschaft 2019"]
[Site "Würzburg GER"]
[Date "2019.10.02"]
[Round "2"]
[White "Wörz, Ann-Sophie"]
[Black "Rempe, Mieke"]
[Result "0-1"]
[Termination "normal"]
[Board "9.7"]
[WhiteElo "1500"]
[BlackElo "1481"]
[WhiteTeam "Württemberg"]
[BlackTeam "SG Hamburg/Schleswig-Holstein"]
[PlyCount "62"]
[WhiteFideId "16265890"]
[BlackFideId "16202384"]
[EventCountry "GER"]
[EventRounds "7"]
[EventType "team-swiss"]
[EventDate "2019.10.01"]

1. e4 c6 2. d4 d5 3. e5 Bf5 4. h4 h5 5. Bd3 Bxd3 6. Qxd3 Nd7 7. Be3 c5 8. c4
cxd4 9. Bxd4 dxc4 10. Qxc4 Rc8 11. Qb3 Rc1+ 12. Ke2 Qc7 13. f4 Qc6 14. Rh2 Qe4+
15. Qe3 Qc2+ 16. Qd2 Qc4+ 17. Qd3 Re1+ 18. Kxe1 Qxd3 19. Ne2 e6 20. Rh3 Bb4+
21. Nbc3 Bxc3+ 22. Bxc3 Qe4 23. Rg3 Nc5 24. Rd1 Nh6 25. Bd4 Na4 26. b3 Nb6 27.
Bxb6 axb6 28. Rc3 O-O 29. Kf1 Ng4 30. Rdd3 Ra8 31. a4 b5 0-1

[Event "Deutsche Ländermeisterschaft 2019"]
[Site "Würzburg GER"]
[Date "2019.10.02"]
[Round "2"]
[White "Ruhmke, Rebecca"]
[Black "Bakó, Evelin"]
[Result "0-1"]
[Termination "normal"]
[Board "9.8"]
[WhiteElo "1404"]
[BlackElo "1209"]
[WhiteTeam "SG Hamburg/Schleswig-Holstein"]
[BlackTeam "Württemberg"]
[PlyCount "132"]
[WhiteFideId "16235991"]
[BlackFideId "16271823"]
[EventCountry "GER"]
[EventRounds "7"]
[EventType "team-swiss"]
[EventDate "2019.10.01"]

1. e4 c5 2. Nf3 e6 3. b3 Nc6 4. Bb2 Qc7 5. Be2 d6 6. c4 e5 7. Nc3 Nf6 8. h3 Be7
9. Nh2 h5 10. d3 Bd7 11. Nd5 Nxd5 12. exd5 Nd4 13. Bxd4 cxd4 14. Bxh5 Qa5+ 15.
Kf1 Bf5 16. g4 Bh7 17. g5 Bxd3+ 18. Qxd3 Rxh5 19. Nf3 g6 20. h4 Qc3 21. Qxc3
dxc3 22. Kg2 a5 23. Rac1 a4 24. Rxc3 axb3 25. axb3 f6 26. gxf6 Bxf6 27. Nd2
Rxh4 28. Rxh4 Bxh4 29. Ne4 Kd7 30. Rh3 g5 31. Kf3 Rf8+ 32. Kg4 Rf4+ 33. Kh5
Rxe4 34. Rf3 Rf4 35. Rc3 Rxf2 36. Re3 Rh2 37. Kg4 Rg2+ 38. Kh5 Bf2 39. Rf3 e4
40. Rf7+ Kc8 41. Re7 Kd8 42. Rxe4 Rg3 43. b4 Rb3 44. Kxg5 Rxb4 45. Re2 Bc5 46.
Rc2 b5 47. cxb5 Rxb5 48. Kf5 Bd4 49. Ke6 Rc5 50. Ra2 Be5 51. Ra8+ Kc7 52. Ra7+
Kb6 53. Ra3 Ra5 54. Rb3+ Kc5 55. Rd3 Kc4 56. Rd1 Kc3 57. Rc1+ Kd2 58. Rf1 Ke2
59. Rb1 Kd3 60. Rd1+ Kc4 61. Rd2 Bc3 62. Rd1 Bd4 63. Rc1+ Bc3 64. Rd1 Bb4 65.
Rb1 Ra8 66. Rc1+ Kb5 0-1

[Event "Deutsche Ländermeisterschaft 2019"]
[Site "Würzburg GER"]
[Date "2019.10.02"]
[Round "2"]
[White "Yi, Danny"]
[Black "Fromm, Marius"]
[Result "0-1"]
[Termination "normal"]
[Board "10.1"]
[WhiteElo "2128"]
[BlackElo "2124"]
[WhiteTeam "Team Süd"]
[BlackTeam "Mecklenburg-Vorpommern"]
[PlyCount "70"]
[WhiteFideId "12988588"]
[BlackFideId "12993190"]
[EventCountry "GER"]
[EventRounds "7"]
[EventType "team-swiss"]
[EventDate "2019.10.01"]

1. e4 e5 2. Nf3 Nc6 3. Bc4 Bc5 4. d3 Nf6 5. Nc3 d6 6. Bg5 Na5 7. O-O Nxc4 8.
dxc4 Be6 9. Qd3 h6 10. Bxf6 Qxf6 11. Nd5 Qd8 12. b4 Bb6 13. c5 dxc5 14. bxc5
Bxc5 15. Qb5+ c6 16. Qxc5 cxd5 17. Nxe5 Qb6 18. Qa3 Qa6 19. Qb4 O-O-O 20. Rab1
Kb8 21. Nd3 Qc6 22. Nc5 Bc8 23. e5 Rhe8 24. Qd4 Ka8 25. Rb3 Re7 26. Rfb1 f6 27.
e6 b6 28. Na4 Bb7 29. Ra3 Kb8 30. Nc3 Rxe6 31. h3 Qc4 32. Qd2 Bc6 33. Rab3 Rde8
34. Rb4 Qc5 35. Nxd5 Qxd5 0-1

[Event "Deutsche Ländermeisterschaft 2019"]
[Site "Würzburg GER"]
[Date "2019.10.02"]
[Round "2"]
[White "Lange, Jannis"]
[Black "Wendler, David"]
[Result "0-1"]
[Termination "normal"]
[Board "10.2"]
[WhiteElo "2080"]
[BlackElo "2077"]
[WhiteTeam "Mecklenburg-Vorpommern"]
[BlackTeam "Team Süd"]
[PlyCount "60"]
[WhiteFideId "12993107"]
[BlackFideId "12938360"]
[EventCountry "GER"]
[EventRounds "7"]
[EventType "team-swiss"]
[EventDate "2019.10.01"]

1. e4 c5 2. Nf3 Nc6 3. Bb5 g6 4. Bxc6 bxc6 5. O-O Bg7 6. d3 Nh6 7. Nc3 O-O 8.
Be3 d6 9. h3 f5 10. Qc1 Nf7 11. exf5 Bxf5 12. Ne4 Rb8 13. Rb1 Qa5 14. a3 c4 15.
Nd4 Bxd4 16. Bxd4 e5 17. Bc3 Qb5 18. dxc4 Qxc4 19. Ng3 d5 20. Nxf5 gxf5 21. Bd2
Kh8 22. Bg5 Nxg5 23. Qxg5 Rb7 24. b3 Qxc2 25. Rbc1 Qxb3 26. Rxc6 Rg7 27. Qh6
Qxa3 28. Rfc1 Rfg8 29. Rc7 Rxg2+ 30. Kh1 Rg1+ 0-1

[Event "Deutsche Ländermeisterschaft 2019"]
[Site "Würzburg GER"]
[Date "2019.10.02"]
[Round "2"]
[White "Schallner, Marc"]
[Black "Schmekel, Florian"]
[Result "1/2-1/2"]
[Termination "normal"]
[Board "10.3"]
[WhiteElo "2041"]
[BlackElo "2102"]
[WhiteTeam "Team Süd"]
[BlackTeam "Mecklenburg-Vorpommern"]
[PlyCount "41"]
[WhiteFideId "12971243"]
[BlackFideId "12913456"]
[EventCountry "GER"]
[EventRounds "7"]
[EventType "team-swiss"]
[EventDate "2019.10.01"]

1. e4 c5 2. Nf3 Nc6 3. d4 cxd4 4. Nxd4 g6 5. c4 Nf6 6. Nc3 d6 7. Be2 Nxd4 8.
Qxd4 Bg7 9. Bg5 O-O 10. Qd2 Be6 11. Rc1 Qa5 12. f3 a6 13. b3 Rfc8 14. Na4 Qxd2+
15. Kxd2 Nd7 16. g4 Kf8 17. Be3 Rc6 18. h4 Nc5 19. Nc3 h5 20. Nd5 Bxd5 21. cxd5
1/2-1/2

[Event "Deutsche Ländermeisterschaft 2019"]
[Site "Würzburg GER"]
[Date "2019.10.02"]
[Round "2"]
[White "Schumann, Rabea"]
[Black "Franke, Luca"]
[Result "0-1"]
[Termination "normal"]
[Board "10.4"]
[WhiteElo "1922"]
[BlackElo "1872"]
[WhiteTeam "Mecklenburg-Vorpommern"]
[BlackTeam "Team Süd"]
[PlyCount "56"]
[WhiteFideId "12918199"]
[BlackFideId "16234774"]
[EventCountry "GER"]
[EventRounds "7"]
[EventType "team-swiss"]
[EventDate "2019.10.01"]

1. c4 c5 2. g3 Nf6 3. Bg2 d5 4. cxd5 Nxd5 5. Nc3 Nc7 6. Nf3 Nc6 7. O-O e5 8. d3
Be7 9. Be3 O-O 10. Rc1 Be6 11. Nd2 Qd7 12. Nc4 f6 13. a4 Rac8 14. Ne4 Nd4 15.
Bxd4 Qxd4 16. Qc2 Na6 17. Qc3 Qd7 18. Rfd1 Rfd8 19. Qa3 Nb4 20. Nc3 Nc6 21. Nb5
b6 22. Qc3 Rb8 23. Ne3 a6 24. Na3 Nd4 25. Re1 Qxa4 26. Nac4 b5 27. Ra1 Qxa1 28.
Rxa1 Nxe2+ 0-1

[Event "Deutsche Ländermeisterschaft 2019"]
[Site "Würzburg GER"]
[Date "2019.10.02"]
[Round "2"]
[White "Lederer, Leia"]
[Black "Röste, Hugo"]
[Result "0-1"]
[Termination "normal"]
[Board "10.5"]
[WhiteElo "1750"]
[BlackElo "1565"]
[WhiteTeam "Team Süd"]
[BlackTeam "Mecklenburg-Vorpommern"]
[PlyCount "78"]
[WhiteFideId "12926353"]
[BlackFideId "16247604"]
[EventCountry "GER"]
[EventRounds "7"]
[EventType "team-swiss"]
[EventDate "2019.10.01"]

1. e4 c5 2. Nf3 e6 3. c3 d5 4. e5 c4 5. d3 cxd3 6. Bxd3 Qc7 7. Bf4 Nd7 8. Bg3
Ne7 9. Nbd2 Nc6 10. Qe2 a6 11. O-O Be7 12. Nb3 O-O 13. Nbd4 b5 14. Nxc6 Qxc6
15. Nd4 Qc7 16. f4 Nc5 17. f5 Nxd3 18. Qxd3 Qc4 19. Qd2 exf5 20. Nxf5 Bxf5 21.
Rxf5 Bc5+ 22. Kh1 Bb6 23. Rf4 Qc6 24. Rg4 Qe6 25. Qg5 g6 26. Rf1 Bd8 27. Qf4 f5
28. Qh6 Rf7 29. Rd4 Bc7 30. Re1 Re7 31. Bh4 Ree8 32. Bf6 Qxf6 33. Rxd5 Qe6 34.
Rc5 Bb6 35. Qe3 Bxc5 36. Qxc5 Rac8 37. Qa3 Qc6 38. h3 Re6 39. Qb3 Rce8 0-1

[Event "Deutsche Ländermeisterschaft 2019"]
[Site "Würzburg GER"]
[Date "2019.10.02"]
[Round "2"]
[White "Greßler, Christian"]
[Black "Pavlov, Liliane"]
[Result "1-0"]
[Termination "normal"]
[Board "10.6"]
[WhiteElo "1464"]
[BlackElo "1629"]
[WhiteTeam "Mecklenburg-Vorpommern"]
[BlackTeam "Team Süd"]
[PlyCount "75"]
[WhiteFideId "16244907"]
[BlackFideId "16225449"]
[EventCountry "GER"]
[EventRounds "7"]
[EventType "team-swiss"]
[EventDate "2019.10.01"]

1. e4 c5 2. Nf3 Nc6 3. g3 d6 4. d3 e5 5. Bg2 Nf6 6. O-O Be7 7. Nbd2 h6 8. Re1
Be6 9. Nf1 Qd7 10. Nh4 g5 11. Nf3 O-O-O 12. c3 Nh7 13. Be3 f5 14. b4 f4 15. b5
Na5 16. Bd2 b6 17. c4 Nb7 18. a4 h5 19. a5 Rdg8 20. axb6 axb6 21. Ra7 Kc7 22.
Qa4 h4 23. Qa6 Rb8 24. Bc3 Bf6 25. N3d2 Bh3 26. Nb3 Bxg2 27. Kxg2 Qg4 28. f3
h3+ 29. Kf2 fxg3+ 30. Nxg3 Qc8 31. Ba5 bxa5 32. Nxa5 Be7 33. Qc6+ Kd8 34. Nxb7+
Rxb7 35. Qxb7 Qxb7 36. Rxb7 Ke8 37. Nf5 Bf8 38. Ra1 1-0

[Event "Deutsche Ländermeisterschaft 2019"]
[Site "Würzburg GER"]
[Date "2019.10.02"]
[Round "2"]
[White "Ensslinger, Colin"]
[Black "Wucherer, Sophie"]
[Result "0-1"]
[Termination "normal"]
[Board "10.7"]
[WhiteElo "1666"]
[BlackElo "1531"]
[WhiteTeam "Team Süd"]
[BlackTeam "Mecklenburg-Vorpommern"]
[PlyCount "102"]
[WhiteFideId "16226011"]
[BlackFideId "16225473"]
[EventCountry "GER"]
[EventRounds "7"]
[EventType "team-swiss"]
[EventDate "2019.10.01"]

1. c4 c5 2. g3 g6 3. Bg2 Bg7 4. Nc3 Nc6 5. e3 d6 6. Nge2 e5 7. a3 a5 8. O-O
Nge7 9. b3 O-O 10. Bb2 Be6 11. Nb5 d5 12. d3 Qd7 13. Rc1 b6 14. f4 Rac8 15. Qc2
Bh3 16. fxe5 Nxe5 17. Nf4 Bxg2 18. Kxg2 dxc4 19. dxc4 Ng4 20. Rfe1 Rfd8 21.
Bxg7 Kxg7 22. Qc3+ Kg8 23. Kg1 Qf5 24. e4 Qg5 25. h4 Qe5 26. Nd5 Qxc3 27. Nxe7+
Kf8 28. Nxg6+ hxg6 29. Rxc3 Ne5 30. Kf2 Nd3+ 31. Ke2 Nxe1 32. Kxe1 Rd7 33. e5
Re8 34. Re3 Re6 35. Kf2 Rde7 36. Nc3 Rxe5 37. Rf3 Re1 38. a4 Rc1 39. Nd5 Rc2+
40. Kf1 Ree2 41. Nxb6 Red2 42. Kg1 Rc1+ 43. Rf1 Rxf1+ 44. Kxf1 Ke8 45. Nd5 Rb2
46. Nf6+ Ke7 47. Nd5+ Kd6 48. g4 Rh2 49. h5 gxh5 50. gxh5 Rxh5 51. Nf4 Rf5 0-1

[Event "Deutsche Ländermeisterschaft 2019"]
[Site "Würzburg GER"]
[Date "2019.10.02"]
[Round "2"]
[White "Sens, Gerda"]
[Black "Bakó, Isabella"]
[Result "1/2-1/2"]
[Termination "normal"]
[Board "10.8"]
[WhiteElo "1291"]
[BlackElo "1266"]
[WhiteTeam "Mecklenburg-Vorpommern"]
[BlackTeam "Team Süd"]
[PlyCount "118"]
[WhiteFideId "16287029"]
[BlackFideId "16287266"]
[EventCountry "GER"]
[EventRounds "7"]
[EventType "team-swiss"]
[EventDate "2019.10.01"]

1. e4 c5 2. Nf3 d6 3. d4 cxd4 4. Nxd4 Nf6 5. Nc3 g6 6. Be3 Bg7 7. Be2 O-O 8.
O-O Nc6 9. Nxc6 bxc6 10. Bf3 Bb7 11. Bd4 c5 12. e5 Bxf3 13. Qxf3 cxd4 14. exf6
dxc3 15. fxg7 Kxg7 16. Qxc3+ Kg8 17. a3 Rc8 18. Qd3 Qb6 19. b4 Rc7 20. h3 Rfc8
21. Rac1 Qc6 22. Rfe1 Kf8 23. c3 Qa4 24. Qd4 Kg8 25. Kh1 Qxa3 26. Ra1 Qxc3 27.
Qxc3 Rxc3 28. Rxa7 R3c7 29. Rxc7 Rxc7 30. b5 Rb7 31. Rb1 d5 32. b6 d4 33. Kg1
Kf8 34. Kf1 Ke8 35. Ke2 Kd7 36. Kd3 e5 37. Ke4 f6 38. f4 d3 39. fxe5 fxe5 40.
Kxe5 d2 41. Kf6 Kc6 42. Rd1 Rd7 43. Ke6 Rd3 44. Ke5 Kxb6 45. Ke4 Rd6 46. Ke3
Kc5 47. Rxd2 Rxd2 48. Kxd2 Kd4 49. Ke2 Ke4 50. Kf2 Kf4 51. g3+ Kf5 52. Kf3 h6
53. g4+ Kg5 54. Kg3 h5 55. h4+ Kf6 56. gxh5 gxh5 57. Kf4 Kg6 58. Kg3 Kf5 59.
Kf3 Kg6 1/2-1/2